Breve historia contemporánea de la Argentina

সংরক্ষণ করুন:
গ্রন্থ-পঞ্জীর বিবরন
প্রধান লেখক: Romero, Luis Alberto (Author)
বিন্যাস: গ্রন্থ
ভাষা:স্প্যানিশ
প্রকাশিত: Buenos Aires, Argentina Fondo de Cultura Económica 2001
সংস্করন:Segunda edición
মালা:Sección Obras de Historia
বিষয়গুলি:
ট্যাগগুলো: ট্যাগ যুক্ত করুন
কোনো ট্যাগ নেই, প্রথমজন হিসাবে ট্যাগ করুন!

MARC

LEADER 00000nam a2200000 a 4500
001 UCK5330
003 CL-VaPUC
005 20220628085610.0
008 050722e20010000AG |||||||||||||||||spa|d
999 |c 313907  |d 313905 
020 |a 9505573936 
040 |c Pontificia Universidad Católica de Valparaíso 
082 0 4 |a 982.06 ROM 2001  |2 21 
100 0 |a Romero, Luis Alberto  |e author  |9 494057 
245 1 0 |a Breve historia contemporánea de la Argentina 
250 |a Segunda edición 
260 |a Buenos Aires, Argentina  |b Fondo de Cultura Económica  |c 2001 
300 |a 332 páginas 
490 0 |a Sección Obras de Historia 
583 |a last modification  |c 20050722 00:00:00  |k Rodrigo Vera 
650 0 |a Historia Argentina  |9 268065 
650 0 |a Historia contemporánea  |9 343224 
650 0 |a Historia siglo 20  |z ARGENTINA  |9 255736 
650 0 |a Historia política  |z ARGENTINA  |9 256974 
942 |c BK  |2 ddc 
945 |d 20050722 00:00:00  |a cmena 
952 |0 0  |1 0  |2 ddc  |4 0  |6 982_060000000000000_ROM_2001  |7 0  |8 A  |9 385699  |a BIBHIS  |b BIBHIS  |d 2019-11-22  |i 4147995  |l 3  |m 2  |o 982.06 ROM 2001  |p 4147995  |r 2025-01-20  |s 2023-04-27  |t 1  |w 2019-11-22  |y BK  |k HIS